Clubes de LaLiga por aforo - Estadísticas

Estadísticas generales
  • Esta prueba ha sido intentada 90 veces
  • La puntuación promedio es 14 de 20
Estadísticas de respuestas
Pos Aforo Club % Correcto
99.534 Barcelona
100%
70.460 Atlético de Madrid
99%
81.044 Real Madrid
99%
60.721 Real Betis
88%
53.332 Athletic Club
85%
49.430 Valencia
85%
43.883 Sevilla
81%
40.500 Espanyol
72%
40.000 Real Sociedad
71%
20º 11.810 Girona
65%
12º 24.870 Celta
62%
19º 14.505 Rayo Vallecano
62%
17º 19.910 Alavés
60%
10º 33.732 Elche
60%
11º 30.500 Real Oviedo
59%
18º 17.700 Getafe
57%
14º 23.354 Levante
57%
13º 23.516 Osasuna
57%
16º 23.000 Villarreal
57%
15º 23.142 Mallorca
54%
No se encontraron pruebas coincidentes
Distribución de puntuación
Porcentaje de gente con cada puntuación
Porcentaje por número respondido
Historial de tus puntuaciones
No has intentado esta prueba.